Online Catalogue and eLibrary

Janapravada saha janawahara (Record no. 5099)

MARC details
000 -LEADER
fixed length control field 00408nam a2200157Ia 4500
005 - DATE AND TIME OF LATEST TRANSACTION
control field 20250701153151.0
008 - FIXED-LENGTH DATA ELEMENTS--GENERAL INFORMATION
fixed length control field 240331s9999 xx 000 0 und d
020 ## - INTERNATIONAL STANDARD BOOK NUMBER
ISBN 9559544411
082 ## - DDC Classification
Item Number - Author Mark DEV
Class No. 398
100 ## - MAIN ENTRY--PERSONAL NAME
Personal name Devapriya,S
245 #0 - TITLE STATEMENT
Title Janapravada saha janawahara
260 ## - PUBLICATION, DISTRIBUTION, ETC.
Place of publication, distribution, etc. Nuwara Eliya
Name of publisher, distributor, etc. Kaushalya Publishers
Date of publication, distribution, etc. 1993
300 ## - PHYSICAL DESCRIPTION
Extent (e.g. Volumes, Pages etc.) 76 p .,
500 ## - GENERAL NOTE
General note A book on Legends and Population
942 ## - Koha item type (Biblio)
Koha item type Books in Stacks (Lending)
Holdings
Lost status Damaged status Collection code Home library Current library Shelving location Date acquired Full call number Accession Number Item type
    Lending WERC Library WERC Library Social Science Cupboard 03/31/2024 398.09 DEV 2444 Books in Stacks (Lending)

© WERC Library